<?xml version="1.0" encoding="UTF-8"?>
<record
    xmlns:xsi="http://www.w3.org/2001/XMLSchema-instance"
    xsi:schemaLocation="http://www.loc.gov/MARC21/slim http://www.loc.gov/standards/marcxml/schema/MARC21slim.xsd"
    xmlns="http://www.loc.gov/MARC21/slim">

  <leader>00945nam a2200229 a 4500</leader>
  <controlfield tag="001">79043</controlfield>
  <controlfield tag="003">BD-RjUL</controlfield>
  <controlfield tag="005">20211221124817.0</controlfield>
  <controlfield tag="008">211221s2021    bg ||||| |||| 00| 0 ben d</controlfield>
  <datafield tag="020" ind1=" " ind2=" ">
    <subfield code="a">9789844292918</subfield>
    <subfield code="c">: Tk. 500.00</subfield>
  </datafield>
  <datafield tag="035" ind1=" " ind2=" ">
    <subfield code="a">(BD-RjUL)79043</subfield>
  </datafield>
  <datafield tag="040" ind1=" " ind2=" ">
    <subfield code="a">BD-RjUL</subfield>
    <subfield code="b">eng</subfield>
    <subfield code="c">BD-RjUL</subfield>
  </datafield>
  <datafield tag="041" ind1=" " ind2=" ">
    <subfield code="a">ben</subfield>
  </datafield>
  <datafield tag="082" ind1=" " ind2=" ">
    <subfield code="2">23</subfield>
    <subfield code="a">954.9205092 </subfield>
    <subfield code="b">PAC 2021</subfield>
  </datafield>
  <datafield tag="100" ind1=" " ind2=" ">
    <subfield code="a">&#x9AA;&#x9BE;&#x99F;&#x9CB;&#x9AF;&#x9BC;&#x9BE;&#x9B0;&#x9C0;, &#x9AE;&#x9AE;&#x9A4;&#x9BE;&#x99C;&#x989;&#x9A6;&#x9CD;&#x9A6;&#x9C0;&#x9A8; </subfield>
    <subfield code="9">298</subfield>
  </datafield>
  <datafield tag="245" ind1=" " ind2=" ">
    <subfield code="a">&#x99B;&#x9AF;&#x9BC; &#x9A6;&#x9AB;&#x9BE; :</subfield>
    <subfield code="b">&#x9B8;&#x9CD;&#x9AC;&#x9BE;&#x9A7;&#x9C0;&#x9A8;&#x9A4;&#x9BE;&#x9B0; &#x9AE;&#x9B9;&#x9BE;&#x9B8;&#x9A8;&#x9A6; /</subfield>
    <subfield code="c">&#x9AE;&#x9AE;&#x9A4;&#x9BE;&#x99C;&#x989;&#x9A6;&#x9CD;&#x9A6;&#x9C0;&#x9A8; &#x9AA;&#x9BE;&#x99F;&#x9CB;&#x9AF;&#x9BC;&#x9BE;&#x9B0;&#x9C0;</subfield>
  </datafield>
  <datafield tag="260" ind1=" " ind2=" ">
    <subfield code="a">&#x9A2;&#x9BE;&#x995;&#x9BE; :</subfield>
    <subfield code="b">&#x9AC;&#x9BE;&#x982;&#x9B2;&#x9BE; &#x9AA;&#x9CD;&#x9B0;&#x995;&#x9BE;&#x9B6;,</subfield>
    <subfield code="c">&#x9E8;&#x9E6;&#x9E8;&#x9E7;</subfield>
  </datafield>
  <datafield tag="300" ind1=" " ind2=" ">
    <subfield code="a">&#x9E8;&#x9EC;&#x9E9; &#x9AA;&#x9C3;.:</subfield>
    <subfield code="b">&#x99A;&#x9BF;&#x9A4;&#x9CD;&#x9B0;&#x9B8;&#x9AE;&#x9C2;&#x9B9;,</subfield>
    <subfield code="c">&#x9E8;&#x9E9; &#x9B8;&#x9C7;&#x9AE;&#x9BF;.</subfield>
  </datafield>
  <datafield tag="600" ind1=" " ind2=" ">
    <subfield code="a">&#x9AE;&#x9C1;&#x99C;&#x9BF;&#x9AC;&#x9C1;&#x9B0; &#x9B0;&#x9B9;&#x9AE;&#x9BE;&#x9A8;, </subfield>
    <subfield code="c">&#x9B6;&#x9C7;&#x996;, </subfield>
    <subfield code="d">&#x9E7;&#x9EF;&#x9E8;&#x9E6;-&#x9E7;&#x9EF;&#x9ED;&#x9EB; </subfield>
    <subfield code="9">166</subfield>
  </datafield>
  <datafield tag="600" ind1=" " ind2=" ">
    <subfield code="a">Mujibur Rahman, </subfield>
    <subfield code="c">Sheikh, </subfield>
    <subfield code="d">1920-1975 </subfield>
    <subfield code="9">167</subfield>
  </datafield>
  <datafield tag="942" ind1=" " ind2=" ">
    <subfield code="2">ddc</subfield>
    <subfield code="c">BK</subfield>
  </datafield>
  <datafield tag="999" ind1=" " ind2=" ">
    <subfield code="c">79043</subfield>
    <subfield code="d">79043</subfield>
  </datafield>
  <datafield tag="952" ind1=" " ind2=" ">
    <subfield code="0">0</subfield>
    <subfield code="1">0</subfield>
    <subfield code="2">ddc</subfield>
    <subfield code="4">0</subfield>
    <subfield code="7">1</subfield>
    <subfield code="8">NFIC</subfield>
    <subfield code="a">RUCL</subfield>
    <subfield code="b">RUCL</subfield>
    <subfield code="c">Bangabandhu Corner</subfield>
    <subfield code="d">2021-12-12</subfield>
    <subfield code="e">Rajshahi News Home</subfield>
    <subfield code="g">375.00</subfield>
    <subfield code="o">B 954.9205092  PAC 2021</subfield>
    <subfield code="r">2021-12-21 00:00:00</subfield>
    <subfield code="t">C-1</subfield>
    <subfield code="y">BK</subfield>
  </datafield>
  <datafield tag="952" ind1=" " ind2=" ">
    <subfield code="0">0</subfield>
    <subfield code="1">0</subfield>
    <subfield code="2">ddc</subfield>
    <subfield code="4">0</subfield>
    <subfield code="7">0</subfield>
    <subfield code="8">NFIC</subfield>
    <subfield code="a">RUCL</subfield>
    <subfield code="b">RUCL</subfield>
    <subfield code="c">GEN</subfield>
    <subfield code="d">2021-12-12</subfield>
    <subfield code="e">Rajshahi News Home</subfield>
    <subfield code="g">375.00</subfield>
    <subfield code="l">2</subfield>
    <subfield code="o">B 954.9205092  PAC 2021</subfield>
    <subfield code="r">2024-12-11 00:00:00</subfield>
    <subfield code="s">2024-10-03</subfield>
    <subfield code="t">C-2</subfield>
    <subfield code="y">BK</subfield>
  </datafield>
</record>
